BIBLIOTECA

SENCICO

Proyecto imagen institucional del SENCICO : (Registro nro. 4962)

Detalles MARC
000 -LEADER
fixed length control field 01275nam a22002657a 4500
003 - CONTROL NUMBER IDENTIFIER
control field PE SENCICO BE
005 - DATE AND TIME OF LATEST TRANSACTION
control field 20251020182706.0
008 - FIXED-LENGTH DATA ELEMENTS--GENERAL INFORMATION
fixed length control field 240226b |||||||| |||| 00| 0 eng d
040 ## - CATALOGING SOURCE
Original cataloging agency PE SENCICO BE
Transcribing agency PE SENCICO BE
041 ## - LANGUAGE CODE
Language code of text/sound track or separate title spa
084 ## - OTHER CLASSIFICATION NUMBER
Classification number I
-- DIS
-- 2013
Item number C29
100 1# - MAIN ENTRY--PERSONAL NAME
9 (RLIN) 1981
Personal name Castillo Rojas, Samuel Obed
Relator term autor
245 1# - TITLE STATEMENT
Title Proyecto imagen institucional del SENCICO :
Remainder of title diseño interior de recepción, trámite documentario, SSHH para discapacitados y entornos /
Statement of responsibility, etc. Samuel Obed Castillo Rojas
260 ## - PUBLICATION, DISTRIBUTION, ETC.
Place of publication, distribution, etc. Lima :
Date of publication, distribution, etc. 2013
300 ## - PHYSICAL DESCRIPTION
Extent 75 h. :
Other physical details il. col., plans.;
Dimensions 30 x 40 cm.
500 ## - GENERAL NOTE
General note El presente volumen contiene planos.
502 ## - DISSERTATION NOTE
Dissertation note Monografía de Titulación.-- Servicio Nacional de Capacitación para la Industria de la Construcción. Escuela Superior Técnica. Carrera Profesional Técnica en Diseño de Interiores, 2013<br/>
610 10 - SUBJECT ADDED ENTRY--CORPORATE NAME
Corporate name or jurisdiction name as entry element Servicio Nacional de Capacitación para la Industria de la Construcción.
Subordinate unit Dirección de Formación Profesional
9 (RLIN) 1982
650 10 - SUBJECT ADDED ENTRY--TOPICAL TERM
9 (RLIN) 44
Topical term or geographic name entry element Diseño de interiores
650 20 - SUBJECT ADDED ENTRY--TOPICAL TERM
9 (RLIN) 615
Topical term or geographic name entry element Planos
650 20 - SUBJECT ADDED ENTRY--TOPICAL TERM
9 (RLIN) 940
Topical term or geographic name entry element Proyectos de edificaciones
710 1# - ADDED ENTRY--CORPORATE NAME
Corporate name or jurisdiction name as entry element Servicio Nacional de Capacitación para la Industria de la Construcción.
Subordinate unit Escuela Superior Técnica
9 (RLIN) 1065
910 ## - USER-OPTION DATA (OCLC)
-- hfp
-- hfp
942 ## - ADDED ENTRY ELEMENTS (KOHA)
Koha item type Monografía de Titulación
Source of classification or shelving scheme Dewey Decimal Classification
Existencias
Fecha de la última vez que lo usaron Número de ingreso o de inventario Pago total Signatura topográfica completa Código de barras Precio efectivo desde Tipo de documento Estado perdido Estado dañado No es para préstamo Retirado Ubicación permanente Ubicación actual Fecha de adquisición
26/02/2024 I-00486   I/DIS/2013/C29 BibLima24020500 26/02/2024 Monografía de Titulación         Biblioteca Central Lima Biblioteca Central Lima 26/02/2024